书目信息 |
| 题名: |
元氏方法
|
|
| 作者: | 锦元 著 ;伍梅红 , 王洁丽 译 | |
| 分册: | ||
| 出版信息: | 北京 中国社会出版社 2004 |
|
| 页数: | 11,262页 | |
| 开本: | 21cm | |
| 丛书名: | 健商文库 | |
| 单 册: | ||
| 中图分类: | R441.1 | |
| 科图分类: | ||
| 主题词: | 疼痛--疗法 , 诊断学 | |
| 电子资源: | ||
| ISBN: | 7-5087-0164-X | |
| 000 | 01563nam0 2200397 450 | |
| 000 | 01526nam0 2200385 450 | |
| 000 | 01502nam0 2200385 450 | |
| 000 | 01448nam0 2200361 450 | |
| 000 | 01477nam0 2200349 450 | |
| 000 | 01440nam0 2200337 45 | |
| 001 | TS-093728 | |
| 005 | 20061208081705.51 | |
| 010 | @a7-5087-0164-X@dCNY19.80 | |
| 100 | @a20060829d2004 em y0chiy0110 ea | |
| 101 | 1 | @achi@ceng |
| 102 | @aCN@b110000 | |
| 105 | @aa z 000yy | |
| 200 | 1 | @a元氏方法@Ayuan shi fang fa@e疼痛自我缓解疗法@ETeng Tong Zi Wo Huan Jie Liao Fa@f(美)锦元(Kam Yuen)著@F( Mei ) Jin Yuan (Kam Yuen) Zhu@g伍梅红译@g王洁丽修编 |
| 210 | @a北京@c中国社会出版社@d2004 | |
| 215 | @a11,262页@c图@d21cm | |
| 225 | 2 | @a健商文库 |
| 300 | @a美国最新畅销书 | |
| 330 | @a本书分为9章。帮助你消除普通常见的疼痛,包括腰背痛、颈痛、关节炎、关节退化、腕管综合症、肌肉痉挛、三叉神经痛和纤维肌疼痛以及你身体任何未可名状的部位可能存在的任何疼痛。 | |
| 410 | 0 | @1001012002040488@12001 @a健商文库 |
| 510 | 1 | @aYuen Method Instant PAIN Elimination@eHow To Stop the Pain You Feel in 2 Minutes or Less@zeng |
| 517 | 1 | @a疼痛自我缓解疗法@Ateng tong zi wo huan jie liao fa |
| 606 | 0 | @a疼痛@x疗法 |
| 606 | 0 | @a诊断学 |
| 690 | @aR441.1@v4 | |
| 701 | 0 | @c(美)@a锦元@Ajin yuan@c(Yuen, Kam)@4著 |
| 702 | 0 | @a伍梅红@Awu mei hong@c(女)@4译 |
| 702 | 0 | @a王洁丽@Awang jie li@4修编 |
| 801 | 0 | @aCN@b中图数据@c20061208 |
| 905 | @a10447@dR441.1@e52 | |
| 元氏方法:疼痛自我缓解疗法/(美)锦元(Kam Yuen)著/伍梅红译/王洁丽修编.-北京:中国社会出版社,2004 |
| 11,262页:图;21cm.-(健商文库) |
| 美国最新畅销书 |
| ISBN 7-5087-0164-X:CNY19.80 |
| 本书分为9章。帮助你消除普通常见的疼痛,包括腰背痛、颈痛、关节炎、关节退化、腕管综合症、肌肉痉挛、三叉神经痛和纤维肌疼痛以及你身体任何未可名状的部位可能存在的任何疼痛。 |
| ● |
| 相关链接 |
|
|
|
|
正题名:元氏方法
索取号:R441.1/52
 
预约/预借
| 序号 | 登录号 | 条形码 | 馆藏地/架位号 | 状态 | 备注 |
| 1 | 0603073 | 206030739 | 第二样本阅览室/ [索取号:R441.1/52] | 在馆 | |
| 2 | 0603074 | 206030748 | 教育系资料室/ [索取号:R441.1/52] | 在馆 | |
| 3 | 0603075 | 206030757 | 教育系资料室/ [索取号:R441.1/52] | 在馆 | |
| 4 | 0603076 | 206030766 | 教育系资料室/ [索取号:R441.1/52] | 在馆 | |
| 5 | 0603077 | 206030775 | 第三借阅区/ [索取号:R441.1/52] | 在馆 | |
| 6 | 0603078 | 206030784 | 第三借阅区/ [索取号:R441.1/52] | 在馆 |